000 00865cam a2200289 i 4500
999 _c22047
_d22047
001 853479
003 OSt
005 20201117154232.0
008 780619s1977 enk 000 0 eng
010 _a 78313725
015 _aGB78-08077
020 _a0704331608
020 _a070432136X :
040 _aDLC
_cDLC
_dDLC
050 0 0 _aBP80.B5
_bC7
082 0 0 _a297.64
_bCRA/B
100 1 _aCraig, H. A. L.
_92042
245 1 0 _aBilal /
_c H. A. L. Craig
260 _aLondon ;
_aNew York :
_bQuartet Books,
_c1977.
300 _a158 p. ;
_c26 cm.
500 _aIll. on lining papers.
600 0 0 _aBilāl ibn Rabāḥ
_xMiscellanea.
600 0 0 _aMuḥammad,
_cProphet,
_d-632
_xMiscellanea.
650 0 _aIslam
_xMiscellanea.
906 _a7
_bcbc
_corignew
_d3
_encip
_f19
_gy-gencatlg
942 _2ddc
_cBK
_h297.64
_iCRA/B
_k297.64
_mCRA/b